000 00848nam a22002897a 4500
001 0000221
003 KOHA_MİRAKIL
005 20260207001204.0
007 ta
008 110331b2000 tu a|||gr||||#||||0|tur |
020 _a9755112332
_cYTL10,78
040 _aTR-BiSEU
_btur
_cTR-BiSEU
_erda
041 0 _atur
044 _ctu
050 _aTA775
_b.C36 2000
100 1 _aÇamlıbel, A Nafiz.
245 1 _aTemellerin takviyesi :
_bgeleneksel yapılarda stabilitenin iyileştirilmesi/
_cA Nafiz Çamlıbel ; A Nafiz Çamlıbel.
264 1 _aİstanbul :
_bBirsen
_c2000
300 _a168 sayfa :
_bresimli
336 _ametin
_btxt
_2rdacontent
337 _aaracısız
_bn
_2rdamedia
338 _acilt
_bnc
_2rdacarrier
500 _aKaynakça var.
650 0 _aTemeller.
_91544
650 0 _aZemin Mekaniği.
_92098
942 _2lcc
_cBK
999 _c222
_d222